[Event "Prague op-B 19th"]
[Site "Prague"]
[Date "2020.01.11"]
[Round "3"]
[White "Taisl, Lubomir"]
[Black "Strate, Wolfgang"]
[Result "1/2-1/2"]
[WhiteElo "1282"]
[BlackElo "1601"]
[PlyCount "41"]
[EventDate "2020.01.10"]
[EventType "swiss"]
[EventRounds "9"]
[EventCountry "CZE"]
[SourceTitle "CBM 195 Extra"]
[Source "ChessBase"]
[SourceDate "2020.05.31"]
[SourceVersion "1"]
[SourceVersionDate "2020.05.31"]
[SourceQuality "1"]

1. Nf3 d5 2. c4 e6 3. cxd5 exd5 4. g3 Nf6 5. Bg2 Bd6 6. 0-0 0-0 7. Nc3 c6 8. d4 Re8 9. Bg5 h6 10. Bd2 Bf5 11. Nh4 Bh7 12. Qc1 Nbd7 13. Bh3 Ne4 14. Nxe4 Rxe4 15. Nf5 Bxf5 16. Bxf5 Rxe2 17. Bxh6 gxh6 18. Qxh6 Qf6 19. Bh7+ Kh8 20. Bg6+ Kg8 21. Bh7+ 1/2-1/2